<?xml version="1.0" encoding="UTF-8"?>
<record
    xmlns:xsi="http://www.w3.org/2001/XMLSchema-instance"
    xsi:schemaLocation="http://www.loc.gov/MARC21/slim http://www.loc.gov/standards/marcxml/schema/MARC21slim.xsd"
    xmlns="http://www.loc.gov/MARC21/slim">

  <leader>00637nam a22001577a 4500</leader>
  <controlfield tag="008">120613t        xxu||||| |||| 00| 0 eng d</controlfield>
  <datafield tag="020" ind1=" " ind2=" ">
    <subfield code="a">0750625724</subfield>
  </datafield>
  <datafield tag="050" ind1=" " ind2=" ">
    <subfield code="a">HF5718.N53</subfield>
  </datafield>
  <datafield tag="100" ind1=" " ind2=" ">
    <subfield code="a">Nickson, David</subfield>
  </datafield>
  <datafield tag="245" ind1=" " ind2=" ">
    <subfield code="a">Business communications. /</subfield>
    <subfield code="c">David, Nickson</subfield>
  </datafield>
  <datafield tag="260" ind1=" " ind2=" ">
    <subfield code="a">Oxford:</subfield>
    <subfield code="b">Made Simple Books,</subfield>
    <subfield code="c">1996.</subfield>
  </datafield>
  <datafield tag="300" ind1=" " ind2=" ">
    <subfield code="a">128 p.:</subfield>
    <subfield code="c">24cm.</subfield>
  </datafield>
  <datafield tag="500" ind1=" " ind2=" ">
    <subfield code="a">Includes index.</subfield>
  </datafield>
  <datafield tag="505" ind1=" " ind2=" ">
    <subfield code="a">Contents: Effective communication -- Presentation -- Reports and proposals -- Correspondence -- Electronic mail -- Interviews and appraisals -- Negotiations -- Conflict handling -- Time management -- Working in teams -- Teleworking.</subfield>
  </datafield>
  <datafield tag="942" ind1=" " ind2=" ">
    <subfield code="2">lcc</subfield>
    <subfield code="c">BK</subfield>
  </datafield>
  <datafield tag="999" ind1=" " ind2=" ">
    <subfield code="c">1625</subfield>
    <subfield code="d">9125</subfield>
  </datafield>
  <datafield tag="952" ind1=" " ind2=" ">
    <subfield code="0">0</subfield>
    <subfield code="1">0</subfield>
    <subfield code="2">lcc</subfield>
    <subfield code="4">0</subfield>
    <subfield code="7">0</subfield>
    <subfield code="a">WIUC-1</subfield>
    <subfield code="b">WIUC-1</subfield>
    <subfield code="c">GEN</subfield>
    <subfield code="d">2012-07-04</subfield>
    <subfield code="l">0</subfield>
    <subfield code="o">HF5718.N53</subfield>
    <subfield code="p">3564/12</subfield>
    <subfield code="r">2012-07-04 00:00:00</subfield>
    <subfield code="t">1</subfield>
    <subfield code="w">2012-07-04</subfield>
    <subfield code="y">BK</subfield>
  </datafield>
  <datafield tag="952" ind1=" " ind2=" ">
    <subfield code="0">0</subfield>
    <subfield code="1">0</subfield>
    <subfield code="2">lcc</subfield>
    <subfield code="4">0</subfield>
    <subfield code="7">0</subfield>
    <subfield code="a">WIUC-1</subfield>
    <subfield code="b">WIUC-1</subfield>
    <subfield code="c">GEN</subfield>
    <subfield code="d">2012-07-04</subfield>
    <subfield code="l">0</subfield>
    <subfield code="o">HF5718.N531</subfield>
    <subfield code="p">3565/12</subfield>
    <subfield code="r">2012-07-04 00:00:00</subfield>
    <subfield code="t">2</subfield>
    <subfield code="w">2012-07-04</subfield>
    <subfield code="y">BK</subfield>
  </datafield>
  <datafield tag="952" ind1=" " ind2=" ">
    <subfield code="0">0</subfield>
    <subfield code="1">0</subfield>
    <subfield code="2">lcc</subfield>
    <subfield code="4">0</subfield>
    <subfield code="7">0</subfield>
    <subfield code="a">WIUC-1</subfield>
    <subfield code="b">WIUC-1</subfield>
    <subfield code="c">GEN</subfield>
    <subfield code="d">2012-07-04</subfield>
    <subfield code="l">0</subfield>
    <subfield code="o">HF5718.N532</subfield>
    <subfield code="p">3566/12</subfield>
    <subfield code="r">2012-07-04 00:00:00</subfield>
    <subfield code="t">3</subfield>
    <subfield code="w">2012-07-04</subfield>
    <subfield code="y">BK</subfield>
  </datafield>
  <datafield tag="952" ind1=" " ind2=" ">
    <subfield code="0">0</subfield>
    <subfield code="1">0</subfield>
    <subfield code="2">lcc</subfield>
    <subfield code="4">0</subfield>
    <subfield code="7">0</subfield>
    <subfield code="a">WIUC-1</subfield>
    <subfield code="b">WIUC-1</subfield>
    <subfield code="c">GEN</subfield>
    <subfield code="d">2012-07-04</subfield>
    <subfield code="l">0</subfield>
    <subfield code="o">HF5718.N533</subfield>
    <subfield code="p">3567/12</subfield>
    <subfield code="r">2012-07-04 00:00:00</subfield>
    <subfield code="t">4</subfield>
    <subfield code="w">2012-07-04</subfield>
    <subfield code="y">BK</subfield>
  </datafield>
  <datafield tag="952" ind1=" " ind2=" ">
    <subfield code="0">0</subfield>
    <subfield code="1">0</subfield>
    <subfield code="2">lcc</subfield>
    <subfield code="4">0</subfield>
    <subfield code="7">0</subfield>
    <subfield code="a">WIUC-1</subfield>
    <subfield code="b">WIUC-1</subfield>
    <subfield code="c">GEN</subfield>
    <subfield code="d">2012-07-04</subfield>
    <subfield code="l">0</subfield>
    <subfield code="o">HF5718.N534</subfield>
    <subfield code="p">3568/12</subfield>
    <subfield code="r">2012-07-04 00:00:00</subfield>
    <subfield code="t">5</subfield>
    <subfield code="w">2012-07-04</subfield>
    <subfield code="y">BK</subfield>
  </datafield>
  <datafield tag="952" ind1=" " ind2=" ">
    <subfield code="0">0</subfield>
    <subfield code="1">0</subfield>
    <subfield code="2">lcc</subfield>
    <subfield code="4">0</subfield>
    <subfield code="7">0</subfield>
    <subfield code="a">WIUC-1</subfield>
    <subfield code="b">WIUC-1</subfield>
    <subfield code="c">GEN</subfield>
    <subfield code="d">2012-07-04</subfield>
    <subfield code="l">0</subfield>
    <subfield code="o">HF5718.N535</subfield>
    <subfield code="p">3569/12</subfield>
    <subfield code="r">2012-07-04 00:00:00</subfield>
    <subfield code="t">6</subfield>
    <subfield code="w">2012-07-04</subfield>
    <subfield code="y">BK</subfield>
  </datafield>
  <datafield tag="952" ind1=" " ind2=" ">
    <subfield code="0">0</subfield>
    <subfield code="1">0</subfield>
    <subfield code="2">lcc</subfield>
    <subfield code="4">0</subfield>
    <subfield code="7">0</subfield>
    <subfield code="a">WIUC-1</subfield>
    <subfield code="b">WIUC-1</subfield>
    <subfield code="c">GEN</subfield>
    <subfield code="d">2012-07-04</subfield>
    <subfield code="l">0</subfield>
    <subfield code="o">HF5718.N536</subfield>
    <subfield code="p">3570/12</subfield>
    <subfield code="r">2012-07-04 00:00:00</subfield>
    <subfield code="t">7</subfield>
    <subfield code="w">2012-07-04</subfield>
    <subfield code="y">BK</subfield>
  </datafield>
  <datafield tag="952" ind1=" " ind2=" ">
    <subfield code="0">0</subfield>
    <subfield code="1">0</subfield>
    <subfield code="2">lcc</subfield>
    <subfield code="4">0</subfield>
    <subfield code="7">0</subfield>
    <subfield code="a">WIUC-1</subfield>
    <subfield code="b">WIUC-1</subfield>
    <subfield code="c">GEN</subfield>
    <subfield code="d">2012-07-04</subfield>
    <subfield code="l">0</subfield>
    <subfield code="o">HF5718.N537</subfield>
    <subfield code="p">3571/12</subfield>
    <subfield code="r">2012-07-04 00:00:00</subfield>
    <subfield code="t">8</subfield>
    <subfield code="w">2012-07-04</subfield>
    <subfield code="y">BK</subfield>
  </datafield>
</record>
